000 00161nam a22000857a 4500
082 _a823
100 _aG RADHAKRISHNA PILLAI
245 _aMULLAH STORIES
942 _cBK
999 _c8354
_d8354